Loading...
| Social Science | 0 | 2 | 0 | 0 | 20 | 89 | 95.00 | 0 | 2 | 0.00 | 0.00 |
| Literature - European | 0 | 2 | 1 | 1 | 15 | 112 | 131.00 | 0 | 1 | 0.00 | 0.00 |
| Literature - American | 0 | 2 | 1 | 0 | 15 | 67 | 88.00 | 1 | 2 | 0.00 | 0.00 |
| Fine Arts - Auditory | 0 | 1 | 0 | 0 | 10 | 127 | 127.00 | 0 | 0 | 0.00 | 0.00 |
| Other Arts: Visual | 0 | 1 | 0 | 1 | 10 | 140 | 140.00 | 0 | 0 | 0.00 | 0.00 |
| History - American | 0 | 1 | 0 | 1 | 10 | 132 | 132.00 | 0 | 0 | 0.00 | 0.00 |
| Other Science: Earth Science | 0 | 1 | 0 | 1 | 10 | 106 | 106.00 | 0 | 0 | 0.00 | 0.00 |
| Science - Biology | 0 | 1 | 0 | 1 | 10 | 130 | 130.00 | 0 | 0 | 0.00 | 0.00 |
| Beliefs | 0 | 1 | 1 | 0 | 5 | 129 | 129.00 | 0 | 1 | 0.00 | 0.00 |
| History - World | 0 | 1 | 1 | 0 | 5 | 110 | 110.00 | 0 | 0 | 0.00 | 0.00 |
| Other Academic | 0 | 1 | 1 | 0 | 5 | 118 | 118.00 | 0 | 0 | 0.00 | 0.00 |
| Philosophy | 0 | 0 | 0 | 0 | 0 | 0.00 | 0 | 0 | 0.00 | 0.00 | |
| 0 | 0 | 0 | 0 | 0 | 0.00 | 0 | 0 | 0.00 | 0.00 | ||
| Science - Chemistry | 0 | 0 | 1 | 0 | -5 | 0.00 | 0 | 0 | 0.00 | 0.00 | |
| Literature - British | 0 | 0 | 2 | 0 | -10 | 0.00 | 0 | 0 | 0.00 | 0.00 |